POROVNANIE AMPLITÚDOVÝCH ZÁVISLOSTÍ VNÚTORNÉHO TLMENIA V MATERIÁLOCH S MRIEŽKOU K8 A H12

Bibliographic Details
Main Authors: Litva, Tomáš (Author), Šupík, Vladimír (Author)
Format: Article
Language:Slovak
ISBN:8022714135

MARC

LEADER 00000naa a2200000uu 4500
001 vtls010929811
003 SK-MaSNL
005 20260302131000.0
008 210824|2000 xo |||||||||||||||||slo|
015 |a SNBRA 
035 |a (urnnbn)urn:nbn:sk:snk:ar-a0b2un 
035 |a (uuid)e87c6ec7-d756-41da-ad8b-2ad76527724e 
035 |a urn:nbn:sk:snk-aatvdj 
040 |a SNKBUCL  |b slo  |c SNKBUCL  |e AACR2 
041 0 |a slo 
044 |a xo  |c SK 
100 1 |a Litva, Tomáš  |4 aut  |9 810701 
245 1 0 |a POROVNANIE AMPLITÚDOVÝCH ZÁVISLOSTÍ VNÚTORNÉHO TLMENIA V MATERIÁLOCH S MRIEŽKOU K8 A H12  |c Tomáš Litva, Vladimír Šupík 
246 3 |a THE COMPARISON OF STRAIN AMPLITUDE DEPENDENCES OF INTERNAL FRICTION IN MATERIALS WITH BCC AND HCP LATTICE 
700 1 |a Šupík, Vladimír  |4 aut  |9 41868 
773 0 |t CO-MAT-TECH 2000  |d Bratislava : Slovenská technická univerzita, 2000  |g S. 131-136  |z 8022714135 
958 |a OND 
958 |a article11 
958 |a chapter 
999 |c 1303321  |d 1305251